[Event "MEX-ch op 52nd "]
[Site "Mexico City"]
[Date "2006.04.14"]
[Round "6"]
[White "Gonzalez Garcia, Jose"]
[Black "Cataneo Esparza, Rene Javier"]
[Result "1-0"]
[WhiteElo "2494"]
[BlackElo "2131"]
[PlyCount "63"]
[EventDate "2006.04.11"]
[EventType "swiss"]
[EventRounds "9"]
[EventCountry "MEX"]
[SourceTitle "EXT 2007"]
[Source "ChessBase"]
[SourceDate "2006.11.23"]
[SourceVersion "1"]
[SourceVersionDate "2006.11.23"]
[SourceQuality "1"]

1. d4 Nf6 2. c4 c6 3. Nf3 d5 4. e3 e6 5. Bd3 dxc4 6. Bxc4 b5 7. Bd3 Bb7 8. 0-0 Be7 9. e4 Nbd7 10. Nc3 a6 11. e5 Nd5 12. Nxd5 cxd5 13. a4 b4 14. a5 h6 15. Qe2 0-0 16. Nd2 f5 17. exf6 Rxf6 18. f4 Bd6 19. Nf3 Bc7 20. Ne5 Nf8 21. Be3 Bxe5 22. fxe5 Rxf1+ 23. Rxf1 Bc8 24. Qg4 Ra7 25. Bxh6 Qxa5 26. Qf3 Qd8 27. Bd2 a5 28. Qh5 g6 29. Bxg6 Nxg6 30. Qxg6+ Rg7 31. Qh5 Qe7 32. Bh6 1-0